Joachim Löw eingesetzte Spieler beim DFB - Statistiken

Allgemein
  • Dieses Quiz wurde 132 mal gespielt
  • Das Durchschnittsergebnis liegt bei 36 aus 67
Antwortstatistiken
Einsätze Position Spieler % Korrekt
104 Torhüter Manuel Neuer
99%
106 Angreifer Thomas Müller
98%
106 Mittelfeld Toni Kroos
95%
76 Verteidiger Jerome Boateng
94%
75 Angreifer Miroslav Klose
94%
88 Verteidiger Phillip Lahm
94%
86 Mittelfeld Bastian Schweinsteiger
93%
92 Mittelfeld Mesut Özil
93%
76 Verteidiger Mats Hummels
91%
98 Angreifer Lukas Podolski
90%
75 Verteidiger Per Mertesacker
86%
59 Mittelfeld Joshua Kimmich
84%
25 Torhüter Marc-Andre ter Stegen
84%
78 Angreifer Mario Gomez
83%
77 Mittelfeld Sami Khedira
83%
63 Mittelfeld Mario Götze
80%
57 Angreifer Andre Schurrle
79%
34 Angreifer Leroy Sane
79%
35 Mittelfeld Leon Goretzka
78%
44 Verteidiger Benedikt Höwedes
77%
26 Angreifer Serge Gnabry
76%
56 Mittelfeld Julian Draxler
72%
44 Angreifer Marco Reus
70%
12 Mittelfeld Christoph Kramer
67%
49 Mittelfeld Ilkay Gündogan
67%
28 Mittelfeld Michael Ballack
61%
42 Angreifer Timo Werner
59%
18 Angreifer Kai Havertz
58%
45 Verteidiger Antonio Rüdiger
57%
23 Torhüter Jens Lehmann
57%
20 Verteidiger Shkodran Mustafi
56%
16 Verteidiger Marcel Schmelzer
54%
44 Verteidiger Matthias Ginter
51%
40 Verteidiger Arne Friedrich
49%
32 Verteidiger Niklas Süle
49%
35 Mittelfeld Julian Brandt
48%
12 Torhüter Rene Adler
47%
13 Verteidiger Jonathan Tah
45%
21 Mittelfeld Torsten Frings
45%
37 Mittelfeld Emre Can
41%
17 Angreifer Kevin Kuranyi
41%
23 Angreifer Cacau
38%
43 Verteidiger Jonas Hector
38%
31 Verteidiger Holger Badstuber
37%
19 Verteidiger Christoph Metzelder
36%
19 Mittelfeld Lars Bender
33%
29 Mittelfeld Sebastian Rudy
33%
37 Verteidiger Marcell Jansen
31%
10 Mittelfeld Bernd Schneider
30%
11 Angreifer David Odonkor
30%
35 Mittelfeld Piotr Trochowski
29%
13 Verteidiger Lukas Klostermann
28%
11 Verteidiger Robin Gosens
28%
14 Angreifer Max Kruse
27%
13 Angreifer Kevin Volland
26%
27 Verteidiger Heiko Westermann
23%
16 Mittelfeld Marko Marin
23%
22 Mittelfeld Clemes Fritz
21%
36 Verteidiger Thomas Hitzlsperger
21%
12 Verteidiger Dennis Aogo
19%
11 Angreifer Karim Bellarabi
19%
14 Verteidiger Serdar Tasci
19%
26 Angreifer Simon Rolfes
19%
11 Angreifer Lars Stindl
15%
13 Angreifer Patrick Helmes
15%
12 Verteidiger Nico Schulz
13%
10 Verteidiger Christian Träsch
10%
Keine übereinstimmenden Quizze gefunden
Verteilung der Resultate
Anzahl Personen mit jedem Resultat
Perzentil nach korrekt beantworteten Fragen
Ihre Resultats-Entwicklung
Sie haben dieses Quiz noch nicht gespielt